000 00387nam a2200157Ia 4500
003 OSt
005 20231202044248.0
008 170524s9999 xx 000 0 und d
020 _a81-7992-184-0
040 _cIIMT UNIVERSITY
100 _aKandampully- Sparks
245 0 _a Service Quality Management in Hospitality
260 _bJaico Pub.- House
260 _c2004
942 _2ddc
_c02
999 _c6912
_d6912